000 00837nam a2200241Ia 4500
003 OSt
005 20220925235833.0
006 a|||||r|||| 00| 0
007 ta
008 220923b |||||||| |||| 00| 0 eng d
020 _c127.5
037 _bG-4220/11-12, 09/04/2012, Manohar Publishers & Distributors
_cGeneral Book
040 _aRTL
_cRTL
_beng
041 _2eng
_aeng
082 _aY73(Q6:91), P2
100 _aHowell Richard
_9301768
245 0 _aFree to choose
_b Issues in conversion, freedom of religion and social engagement.
260 _a New Delhi
_bEvangelical fellowship of India
_c2002
300 _axiii,229p.
_ccm.
650 _aSociology
942 _hY73(Q6:91), P2
_cGB
_2CC
999 _c597995
_d597995